<?xml version="1.0" encoding="UTF-8"?>
<collection xmlns="http://www.loc.gov/MARC21/slim">
 <record>
  <leader>02519nam a22004091  4500</leader>
  <controlfield tag="001">1/21609</controlfield>
  <controlfield tag="008">020402s1961    enk      e      1   eng d</controlfield>
  <datafield tag="035" ind1=" " ind2=" ">
   <subfield code="l">22279</subfield>
  </datafield>
  <datafield tag="040" ind1=" " ind2=" ">
   <subfield code="a">GR-PeUP</subfield>
  </datafield>
  <datafield tag="082" ind1="0" ind2="0">
   <subfield code="a">031 CO</subfield>
  </datafield>
  <datafield tag="090" ind1=" " ind2=" ">
   <subfield code="a">R 031 CO</subfield>
  </datafield>
  <datafield tag="245" ind1="1" ind2="0">
   <subfield code="a">Collier's encyclopedia :</subfield>
   <subfield code="b">with bibliography and index /</subfield>
   <subfield code="c">ed. by Louis Shores...[et.al.]</subfield>
  </datafield>
  <datafield tag="260" ind1=" " ind2=" ">
   <subfield code="a">New York :</subfield>
   <subfield code="b">The Crowello-Collier,</subfield>
   <subfield code="c">1961</subfield>
  </datafield>
  <datafield tag="300" ind1=" " ind2=" ">
   <subfield code="a">20 v. ;</subfield>
   <subfield code="c">29 cm.</subfield>
  </datafield>
  <datafield tag="504" ind1=" " ind2=" ">
   <subfield code="a">Includes bibliography and index</subfield>
  </datafield>
  <datafield tag="650" ind1=" " ind2="4">
   <subfield code="a">Encyclopedias and dictionaries.</subfield>
  </datafield>
  <datafield tag="700" ind1="1" ind2=" ">
   <subfield code="a">Shores, Louis,</subfield>
   <subfield code="e">ed.</subfield>
  </datafield>
  <datafield tag="852" ind1=" " ind2=" ">
   <subfield code="a">INST</subfield>
   <subfield code="b">UNIPILB</subfield>
   <subfield code="c">REF</subfield>
   <subfield code="e">20040709</subfield>
   <subfield code="h">031 CO</subfield>
   <subfield code="p">00114736</subfield>
   <subfield code="q">00114736</subfield>
   <subfield code="t">NOLOAN</subfield>
   <subfield code="v">v.13:</subfield>
   <subfield code="y">23</subfield>
   <subfield code="z">v.13</subfield>
   <subfield code="4">1</subfield>
  </datafield>
  <datafield tag="852" ind1=" " ind2=" ">
   <subfield code="a">INST</subfield>
   <subfield code="b">UNIPILB</subfield>
   <subfield code="c">REF</subfield>
   <subfield code="e">20040709</subfield>
   <subfield code="h">031 CO</subfield>
   <subfield code="p">00114738</subfield>
   <subfield code="q">00114738</subfield>
   <subfield code="t">NOLOAN</subfield>
   <subfield code="v">v.14:</subfield>
   <subfield code="y">23</subfield>
   <subfield code="z">v.14</subfield>
   <subfield code="4">1</subfield>
  </datafield>
  <datafield tag="852" ind1=" " ind2=" ">
   <subfield code="a">INST</subfield>
   <subfield code="b">UNIPILB</subfield>
   <subfield code="c">REF</subfield>
   <subfield code="e">20040709</subfield>
   <subfield code="h">031 CO</subfield>
   <subfield code="p">00114739</subfield>
   <subfield code="q">00114739</subfield>
   <subfield code="t">NOLOAN</subfield>
   <subfield code="v">v.15:</subfield>
   <subfield code="y">23</subfield>
   <subfield code="z">v.15</subfield>
   <subfield code="4">1</subfield>
  </datafield>
  <datafield tag="852" ind1=" " ind2=" ">
   <subfield code="a">INST</subfield>
   <subfield code="b">UNIPILB</subfield>
   <subfield code="c">REF</subfield>
   <subfield code="e">20040709</subfield>
   <subfield code="h">031 CO</subfield>
   <subfield code="p">00114745</subfield>
   <subfield code="q">00114745</subfield>
   <subfield code="t">NOLOAN</subfield>
   <subfield code="v">v.18:</subfield>
   <subfield code="y">23</subfield>
   <subfield code="z">v.18</subfield>
   <subfield code="4">1</subfield>
  </datafield>
  <datafield tag="852" ind1=" " ind2=" ">
   <subfield code="a">INST</subfield>
   <subfield code="b">UNIPILB</subfield>
   <subfield code="c">REF</subfield>
   <subfield code="e">20040709</subfield>
   <subfield code="h">031 CO</subfield>
   <subfield code="p">00114747</subfield>
   <subfield code="q">00114747</subfield>
   <subfield code="t">NOLOAN</subfield>
   <subfield code="v">v.17:</subfield>
   <subfield code="y">23</subfield>
   <subfield code="z">v.17</subfield>
   <subfield code="4">1</subfield>
  </datafield>
  <datafield tag="852" ind1=" " ind2=" ">
   <subfield code="a">INST</subfield>
   <subfield code="b">UNIPILB</subfield>
   <subfield code="c">REF</subfield>
   <subfield code="e">20040709</subfield>
   <subfield code="h">031 CO</subfield>
   <subfield code="p">00114749</subfield>
   <subfield code="q">00114749</subfield>
   <subfield code="t">NOLOAN</subfield>
   <subfield code="v">v.19:</subfield>
   <subfield code="y">23</subfield>
   <subfield code="z">v.19</subfield>
   <subfield code="4">1</subfield>
  </datafield>
  <datafield tag="852" ind1=" " ind2=" ">
   <subfield code="a">INST</subfield>
   <subfield code="b">UNIPILB</subfield>
   <subfield code="c">REF</subfield>
   <subfield code="e">20040709</subfield>
   <subfield code="h">031 CO</subfield>
   <subfield code="p">00114754</subfield>
   <subfield code="q">00114754</subfield>
   <subfield code="t">NOLOAN</subfield>
   <subfield code="v">v.16:</subfield>
   <subfield code="y">23</subfield>
   <subfield code="z">v.16</subfield>
   <subfield code="4">1</subfield>
  </datafield>
  <datafield tag="852" ind1=" " ind2=" ">
   <subfield code="a">INST</subfield>
   <subfield code="b">UNIPILB</subfield>
   <subfield code="c">REF</subfield>
   <subfield code="e">20040709</subfield>
   <subfield code="h">031 CO</subfield>
   <subfield code="p">00115000</subfield>
   <subfield code="q">00115000</subfield>
   <subfield code="t">NOLOAN</subfield>
   <subfield code="v">v.20:</subfield>
   <subfield code="y">23</subfield>
   <subfield code="z">v.20</subfield>
   <subfield code="4">1</subfield>
  </datafield>
  <datafield tag="852" ind1=" " ind2=" ">
   <subfield code="a">INST</subfield>
   <subfield code="b">UNIPILB</subfield>
   <subfield code="c">REF</subfield>
   <subfield code="e">20040709</subfield>
   <subfield code="h">031 CO</subfield>
   <subfield code="p">00117260</subfield>
   <subfield code="q">00117260</subfield>
   <subfield code="t">NOLOAN</subfield>
   <subfield code="v">v.11:</subfield>
   <subfield code="y">23</subfield>
   <subfield code="z">v.11</subfield>
   <subfield code="4">1</subfield>
  </datafield>
  <datafield tag="852" ind1=" " ind2=" ">
   <subfield code="a">INST</subfield>
   <subfield code="b">UNIPILB</subfield>
   <subfield code="c">REF</subfield>
   <subfield code="e">20040709</subfield>
   <subfield code="h">031 CO</subfield>
   <subfield code="p">00117261</subfield>
   <subfield code="q">00117261</subfield>
   <subfield code="t">NOLOAN</subfield>
   <subfield code="v">v.12:</subfield>
   <subfield code="y">23</subfield>
   <subfield code="z">v.12</subfield>
   <subfield code="4">1</subfield>
  </datafield>
  <datafield tag="852" ind1=" " ind2=" ">
   <subfield code="a">INST</subfield>
   <subfield code="b">UNIPILB</subfield>
   <subfield code="c">REF</subfield>
   <subfield code="e">20040709</subfield>
   <subfield code="h">031 CO</subfield>
   <subfield code="p">00118282</subfield>
   <subfield code="q">00118282</subfield>
   <subfield code="t">NOLOAN</subfield>
   <subfield code="v">v.10:</subfield>
   <subfield code="y">23</subfield>
   <subfield code="z">v.10</subfield>
   <subfield code="4">1</subfield>
  </datafield>
  <datafield tag="852" ind1=" " ind2=" ">
   <subfield code="a">INST</subfield>
   <subfield code="b">UNIPILB</subfield>
   <subfield code="c">REF</subfield>
   <subfield code="e">20040709</subfield>
   <subfield code="h">031 CO</subfield>
   <subfield code="p">00118831</subfield>
   <subfield code="q">00118831</subfield>
   <subfield code="t">NOLOAN</subfield>
   <subfield code="v">v.1:</subfield>
   <subfield code="y">23</subfield>
   <subfield code="z">v.1</subfield>
   <subfield code="4">1</subfield>
  </datafield>
  <datafield tag="852" ind1=" " ind2=" ">
   <subfield code="a">INST</subfield>
   <subfield code="b">UNIPILB</subfield>
   <subfield code="c">REF</subfield>
   <subfield code="e">20040709</subfield>
   <subfield code="h">031 CO</subfield>
   <subfield code="p">00118833</subfield>
   <subfield code="q">00118833</subfield>
   <subfield code="t">NOLOAN</subfield>
   <subfield code="v">v.2:</subfield>
   <subfield code="y">23</subfield>
   <subfield code="z">v.2</subfield>
   <subfield code="4">1</subfield>
  </datafield>
  <datafield tag="852" ind1=" " ind2=" ">
   <subfield code="a">INST</subfield>
   <subfield code="b">UNIPILB</subfield>
   <subfield code="c">REF</subfield>
   <subfield code="e">20040709</subfield>
   <subfield code="h">031 CO</subfield>
   <subfield code="p">00118834</subfield>
   <subfield code="q">00118834</subfield>
   <subfield code="t">NOLOAN</subfield>
   <subfield code="v">v.3:</subfield>
   <subfield code="y">23</subfield>
   <subfield code="z">v.3</subfield>
   <subfield code="4">1</subfield>
  </datafield>
  <datafield tag="852" ind1=" " ind2=" ">
   <subfield code="a">INST</subfield>
   <subfield code="b">UNIPILB</subfield>
   <subfield code="c">REF</subfield>
   <subfield code="e">20040709</subfield>
   <subfield code="h">031 CO</subfield>
   <subfield code="p">00118837</subfield>
   <subfield code="q">00118837</subfield>
   <subfield code="t">NOLOAN</subfield>
   <subfield code="v">v.4:</subfield>
   <subfield code="y">23</subfield>
   <subfield code="z">v.4</subfield>
   <subfield code="4">1</subfield>
  </datafield>
  <datafield tag="852" ind1=" " ind2=" ">
   <subfield code="a">INST</subfield>
   <subfield code="b">UNIPILB</subfield>
   <subfield code="c">REF</subfield>
   <subfield code="e">20040709</subfield>
   <subfield code="h">031 CO</subfield>
   <subfield code="p">00118838</subfield>
   <subfield code="q">00118838</subfield>
   <subfield code="t">NOLOAN</subfield>
   <subfield code="v">v.5:</subfield>
   <subfield code="y">23</subfield>
   <subfield code="z">v.5</subfield>
   <subfield code="4">1</subfield>
  </datafield>
  <datafield tag="852" ind1=" " ind2=" ">
   <subfield code="a">INST</subfield>
   <subfield code="b">UNIPILB</subfield>
   <subfield code="c">REF</subfield>
   <subfield code="e">20040709</subfield>
   <subfield code="h">031 CO</subfield>
   <subfield code="p">00118839</subfield>
   <subfield code="q">00118839</subfield>
   <subfield code="t">NOLOAN</subfield>
   <subfield code="v">v.6:</subfield>
   <subfield code="y">23</subfield>
   <subfield code="z">v.6</subfield>
   <subfield code="4">1</subfield>
  </datafield>
  <datafield tag="852" ind1=" " ind2=" ">
   <subfield code="a">INST</subfield>
   <subfield code="b">UNIPILB</subfield>
   <subfield code="c">REF</subfield>
   <subfield code="e">20040709</subfield>
   <subfield code="h">031 CO</subfield>
   <subfield code="p">00118840</subfield>
   <subfield code="q">00118840</subfield>
   <subfield code="t">NOLOAN</subfield>
   <subfield code="v">v.7:</subfield>
   <subfield code="y">23</subfield>
   <subfield code="z">v.7</subfield>
   <subfield code="4">1</subfield>
  </datafield>
  <datafield tag="852" ind1=" " ind2=" ">
   <subfield code="a">INST</subfield>
   <subfield code="b">UNIPILB</subfield>
   <subfield code="c">REF</subfield>
   <subfield code="e">20040709</subfield>
   <subfield code="h">031 CO</subfield>
   <subfield code="p">00118845</subfield>
   <subfield code="q">00118845</subfield>
   <subfield code="t">NOLOAN</subfield>
   <subfield code="v">v.8:</subfield>
   <subfield code="y">23</subfield>
   <subfield code="z">v.8</subfield>
   <subfield code="4">1</subfield>
  </datafield>
  <datafield tag="852" ind1=" " ind2=" ">
   <subfield code="a">INST</subfield>
   <subfield code="b">UNIPILB</subfield>
   <subfield code="c">REF</subfield>
   <subfield code="e">20040709</subfield>
   <subfield code="h">031 CO</subfield>
   <subfield code="p">00118846</subfield>
   <subfield code="q">00118846</subfield>
   <subfield code="t">NOLOAN</subfield>
   <subfield code="v">v.9:</subfield>
   <subfield code="y">23</subfield>
   <subfield code="z">v.9</subfield>
   <subfield code="4">1</subfield>
  </datafield>
 </record>
</collection>
